Balance hídrico superficial en la cuenca del río Cote
Kaydedildi:
| Yazar: | |
|---|---|
| Materyal Türü: | Kitap |
| Baskı/Yayın Bilgisi: |
[San José], Costa Rica
2014
|
| Konular: | |
| Etiketler: |
Etiketle
Etiket eklenmemiş, İlk siz ekleyin!
|
MARC
| LEADER | 00000nam a22000007a 4500 | ||
|---|---|---|---|
| 003 | 012078 | ||
| 005 | 20221231143854.0 | ||
| 008 | 150218b2014 cr a|||| |||| 00| 0 s d | ||
| 040 | |c cru CEDI | ||
| 090 | |a TFG 7244 | ||
| 100 | |9 81 |a Ramírez Agüero, Luis Alberto | ||
| 245 | |a Balance hídrico superficial en la cuenca del río Cote | ||
| 260 | |a [San José], Costa Rica |c 2014 | ||
| 500 | |a Proyecto de graduación (licenciatura en ingeniería civil)--Universidad de Costa Rica. Facultad de Ingeniería. Escuela de Ingeniería Civil | ||
| 650 | |x BALANCE HIDRICO (HIDROLOGIA) |x CUENCAS HIDROGRAFICAS |x CUENCAS HIDROGRAFICAS |x GEOMORFOLOGIA - CUENCA DEL RIO COTE (ALAJUELA, COSTA RICA) |x CLIMATOLOGIA |z CUENCA DEL RIO COTE (ALAJUELA, COSTA RICA) |9 82 | ||
| 942 | |c TFG | ||
| 999 | |c 13533 |d 13533 | ||
